Philosophy Of Sri Guru Grantha Sahib Ji/ (Record no. 211761)

MARC details
000 -LEADER
fixed length control field 00561nam a22001817a 4500
005 - DATE AND TIME OF LATEST TRANSACTION
control field 20250612143758.0
010 ## - LCCN (DPL NO)
LC control number ENG-145317
020 ## - INTERNATIONAL STANDARD BOOK NUMBER
International Standard Book Number 9788195048649
Terms of availability 190.00
035 ## - SYSTEM CONTROL NUMBER
System control number EN-128849
037 ## - SOURCE OF ACQUISITION
Source of stock number/acquisition DBAD
082 ## - DEWEY DECIMAL CLASSIFICATION NUMBER
Classification number 260
100 ## - MAIN ENTRY--PERSONAL NAME
Personal name Godbole, Arvind S.
245 ## - TITLE STATEMENT
Title Philosophy Of Sri Guru Grantha Sahib Ji/
Statement of responsibility, etc by Arvind Godbole
260 ## - PUBLICATION, DISTRIBUTION, ETC. (IMPRINT)
Name of publisher, distributor, etc Samvit Prakashan and Media PVT. LTD
Date of publication, distribution, etc 2021
Place of publication, distribution, etc Delhi
270 ## - ADDRESS
Address 1585,1654,madarsa road, kashmere gate
City Delhi
Postal code 110006
300 ## - PHYSICAL DESCRIPTION
Extent 144p.;
Dimensions 22cm(pb)
942 ## - ADDED ENTRY ELEMENTS (KOHA)
Source of classification or shelving scheme Dewey Decimal Classification
Item type English Books
Call number suffix GOD
Classification part 260
Holdings
Withdrawn status Lost status Not for loan Collection code Home library Current library Date acquired Source of acquisition Cost, normal purchase price Full call number Barcode Copy number Cost, replacement price Koha item type
      Non-fiction RC3 Shakur Pur RC3 Shakur Pur 12/06/2025 Delivery of Books Act Division 190.00 GOD 260 EN-128849 1 190.00 English Books

© Delhi Public Library
Hit Counter
free hit counter